00328nam a22000977a 450000500170000010000700001724500650008726000270015230000090017970000420018820260629123208.0 aMr Tasleema21-MSCS-12aSupervisor - Prof.Dr. Fareed Ahmed Jokhio aSignature Fraud Detection by Using Deep Learning (Thesis MS) aNawabshahbQUESTc2025 a91p. aDepartment of Information Technology